[Event "IECC KO-2085"]
[Site "IECC email"]
[Date "2007.01.02"]
[Round "?"]
[White "Kanthakumar, Praghalathan"]
[Black "Camps, Jean Pierre"]
[Result "0-1"]
[WhiteElo "1264"]
[BlackElo "1493"]
[PlyCount "34"]
[EventDate "2007.??.??"]
[EventType "match (corr)"]
[EventRounds "2"]
[SourceTitle "Corr 2008"]
[Source "ChessBase"]
[SourceDate "2008.06.24"]
[SourceVersion "1"]
[SourceVersionDate "2008.06.24"]
[SourceQuality "1"]
[WhiteTeam "India"]
[BlackTeam "France"]
[WhiteTeamCountry "IND"]
[BlackTeamCountry "FRA"]

1. d4 Nf6 2. e3 g6 3. Bc4 Bg7 4. Nf3 0-0 5. Qe2 d5 6. Bd3 Nc6 7. c3 Bg4 8. h3 Bxf3 9. Qxf3 e5 10. dxe5 Nxe5 11. Qe2 Nxd3+ 12. Qxd3 Qe7 13. 0-0 Rad8 14. Re1 Ne4 15. Nd2 f5 16. Nf1 Nc5 17. Qd2 c6 0-1

[Event "IECC CL6-2006.12 email"]
[Site "IECC email"]
[Date "2006.08.03"]
[Round "?"]
[White "Detain, Tom"]
[Black "Kanthakumar, Praghalathan"]
[Result "1/2-1/2"]
[WhiteElo "1298"]
[BlackElo "1299"]
[PlyCount "106"]
[EventDate "2006.??.??"]
[EventType "tourn (corr)"]
[EventRounds "4"]
[SourceTitle "Corr 2020"]
[Source "ChessBase"]
[SourceDate "2019.09.30"]
[SourceVersion "1"]
[SourceVersionDate "2019.09.30"]
[SourceQuality "1"]
[WhiteTeam "England"]
[BlackTeam "India"]
[WhiteTeamCountry "ENG"]
[BlackTeamCountry "IND"]

1. c4 e5 2. Nc3 Qf6 3. e3 c6 4. g3 Nh6 5. Bg2 Ng4 6. Qxg4 Na6 7. Nge2 d5 8. Qf3 Qg6 9. cxd5 Nb4 10. 0-0 Bg4 11. Qe4 Qxe4 12. Bxe4 cxd5 13. Bg2 e4 14. a3 Bxe2 15. Nxe2 Nd3 16. Rb1 a5 17. Nc3 Rd8 18. f3 exf3 19. Bxf3 Bc5 20. Bxd5 0-0 21. Bxb7 Rb8 22. Be4 Rfd8 23. Kg2 Nxc1 24. Rbxc1 Rxd2+ 25. Kf3 Rxh2 26. Rh1 Rbxb2 27. Rxh2 Rxh2 28. Nb5 Bf8 29. Rc8 Rb2 30. a4 Rb4 31. Nc3 g6 32. Ra8 Rc4 33. Nd5 Rxa4 34. Ne7+ Kg7 35. Nc6 f5 36. Bd5 Bd6 37. Nxa5 Rg4 38. Nc4 Bxg3 39. Ra7+ Kh6 40. Bg8 Kg5 41. Rxh7 Bb8 42. Bd5 Rg1 43. e4 fxe4+ 44. Bxe4 Rg3+ 45. Ke2 Kf4 46. Rh4+ Rg4 47. Rxg4+ Kxg4 48. Bxg6 Kg5 49. Be4 Kf4 50. Bf3 Kg5 51. Ke3 Bf4+ 52. Ke4 Bb8 53. Ne3 Ba7 1/2-1/2

[Event "IECC CL6-2006.12 email"]
[Site "IECC email"]
[Date "2006.08.03"]
[Round "?"]
[White "Kanthakumar, Praghalathan"]
[Black "Von Rosenberg, Clemens"]
[Result "0-1"]
[WhiteElo "1300"]
[BlackElo "1394"]
[PlyCount "40"]
[EventDate "2006.??.??"]
[EventType "tourn (corr)"]
[EventRounds "4"]
[SourceTitle "Corr 2015"]
[Source "ChessBase"]
[SourceDate "2015.07.17"]
[SourceVersion "1"]
[SourceVersionDate "2015.07.17"]
[SourceQuality "1"]
[WhiteTeam "India"]
[BlackTeam "Germany"]
[WhiteTeamCountry "IND"]
[BlackTeamCountry "GER"]

1. e4 c5 2. d4 cxd4 3. Qxd4 Nc6 4. Qc3 Nf6 5. f3 d5 6. Bb5 dxe4 7. Bxc6+ bxc6 8. fxe4 Qb6 9. e5 Ng4 10. Qg3 Qa5+ 11. Nc3 Qxe5+ 12. Qxe5 Nxe5 13. Bd2 Nc4 14. 0-0-0 Rb8 15. b3 e5 16. Nge2 Bb4 17. Rde1 Ba3+ 18. Kd1 Nb2+ 19. Kc1 Nd3+ 20. Kd1 Nf2# 0-1

[Event "IECC CL6-2006.12 email"]
[Site "IECC email"]
[Date "2006.08.03"]
[Round "?"]
[White "Stoffers, Ben"]
[Black "Kanthakumar, Praghalathan"]
[Result "1-0"]
[WhiteElo "1450"]
[BlackElo "1299"]
[PlyCount "83"]
[EventDate "2006.??.??"]
[EventType "tourn (corr)"]
[EventRounds "4"]
[SourceTitle "Corr 2020"]
[Source "ChessBase"]
[SourceDate "2019.09.30"]
[SourceVersion "1"]
[SourceVersionDate "2019.09.30"]
[SourceQuality "1"]
[WhiteTeam "Netherlands"]
[BlackTeam "India"]
[WhiteTeamCountry "NED"]
[BlackTeamCountry "IND"]

1. e4 e5 2. Nf3 d6 3. d4 Bg4 4. dxe5 dxe5 5. Qxd8+ Kxd8 6. Nxe5 Be6 7. Bc4 Bxc4 8. Nxc4 Nd7 9. Nc3 Ngf6 10. f3 Bb4 11. Bd2 Bxc3 12. Bxc3 Re8 13. 0-0-0 Kc8 14. Ne3 g6 15. Rd2 Nh5 16. g3 a5 17. Rhd1 Nf8 18. Nd5 g5 19. g4 b6 20. gxh5 Ne6 21. Nf6 Rd8 22. Nxh7 Rxd2 23. Bxd2 Kb7 24. Nxg5 Nxg5 25. Bxg5 Rg8 26. h4 Rh8 27. h6 f6 28. Bxf6 Rxh6 29. e5 b5 30. f4 a4 31. f5 b4 32. Bg5 Rc6 33. e6 b3 34. axb3 axb3 35. c3 Ra6 36. e7 Ra1+ 37. Kd2 Ra2 38. e8Q Rxb2+ 39. Ke1 Rc2 40. Qb5+ Ka7 41. Be3+ Ka8 42. Rd8# 1-0